| 000 | 00454nam a22001697a 4500 | ||
|---|---|---|---|
| 005 | 20230403152011.0 | ||
| 008 | 230401b |||||||| |||| 00| 0 eng d | ||
| 041 | _aeng | ||
| 082 | _a543.08 SHA- I | ||
| 100 |
_aSHARMA ,RAO _97702 |
||
| 245 | _aINSTRUMENTAL METHODS OF CHEMICAL ANALYSIS VOL-1 SPECTOROSCOPY | ||
| 250 | _a33rd ed. | ||
| 260 |
_bKRISHNA PRAKASHAN _c2022 |
||
| 300 | _aS-952;P. | ||
| 650 |
_aPHARMACY _xB. PHARMA _97703 |
||
| 942 | _cBK | ||
| 999 |
_c8268 _d8266 |
||